Svedectvo viery : kázne z evanjelických textov na všetky nedele a sviatky /

Hlavní autor: Bodický, Michal, 1852-1935
Jazyk: Slovenština
Vydáno: Liptovský Sv. Mikuláš : Tranoscius, 1911
Fyzický popis: 8, 326, ii s.
Knihy
Uloženo v:
LEADER 00672nam a22002052a 4500
001 000382310
003 CZ BrMZK
005 20120710114720.0
007 ta
008 980105s1911 xo f slo d
040 |a BOA001  |b cze 
100 1 |a Bodický, Michal,  |d 1852-1935  |7 jo2002145164  |4 aut 
245 1 0 |a Svedectvo viery :  |b kázne z evanjelických textov na všetky nedele a sviatky /  |c od Michala Bodického 
260 |a Liptovský Sv. Mikuláš :  |b Tranoscius,  |c 1911 
300 |a 8, 326, ii s. 
910 |a BOA001  |b 2-0778.539 
990 |a BK 
993 |a Y 
991 |b 201112 
996 6 |b 2619819627  |c 2-0778.539  |l MZK  |r Sklad / do 1 hodiny  |n 1  |w 000382310  |u 000010  |a 1  |e BOA001  |j MZK50  |s P